| 000 | 00882nam a22002777a 4500 | ||
|---|---|---|---|
| 005 | 20180712102524.0 | ||
| 008 | 180614b xxu||||| |||| 00| 0 eng d | ||
| 010 | _aA-946006 | ||
| 020 |
_a8174790101 _c0.00 |
||
| 035 | _aA-946006, A-946003 | ||
| 037 | _bBPPD / PUB | ||
| 040 |
_adpl _bEnglish |
||
| 082 | _a380.1 MOH | ||
| 100 | _aMohamed, H. Peepu | ||
| 245 |
_aMarketing A Financial Approch _cby H. Peepu Mohamed |
||
| 260 |
_aNew Delhi _bKaveri Books _c1997 |
||
| 270 |
_a4697/5-21A, Ansari Road, _bNew Delhi _e110002 |
||
| 300 |
_a273 p. ; _c22cm(Hb) |
||
| 500 | _aIncludes index. | ||
| 650 | _aInfant psychology. | ||
| 650 | _aSocial perception in children. | ||
| 650 | _aSocial interaction in infants. | ||
| 650 | _aInterpersonal relations in children. | ||
| 650 | _aOther minds (Theory of knowledge) | ||
| 942 |
_2ddc _cEN _h380.1 _mMOH |
||
| 999 |
_c152720 _d152720 |
||